[Event "AUTO-INT-3624"]
[Site "http://www.queenalice.com/game.php?id=1639489"]
[Date "2021.1.10"]
[Round "1"]
[White "NickThorp"]
[Black "mackenzista"]
[Result "1-0"]
[WhiteElo "1605"]
[BlackElo "1479"]

1. e4 e5 2. Nf3 Nc6 3. Bb5 Nf6 4. O-O Nxe4 5. d3 Nf6 6. Bg5 Bc5 7. Nc3 O-O 8.
Bxc6 dxc6 9. Nxe5 Qd4 10. Nf3 Qg4 11. Bxf6 Qg6 12. Bd4 Qh5 13. Bxc5 Qxc5 14. Ne4
Qf5 15. h3 Qb5 16. b3 f5 17. Nc3 Qa6 18. a4 Be6 19. Re1 Rae8 20. Ng5 Rf6 21.
Nxe6 Rexe6 22. Rxe6 Rxe6 23. Ne2 g6 24. Nf4 Re5 25. Qf3 Qa5 26. Rc1 Qc3 27. d4
1-0

[Event "AUTO-INT-3624"]
[Site "http://www.queenalice.com/game.php?id=1639490"]
[Date "2021.1.10"]
[Round "1"]
[White "mackenzista"]
[Black "Carlos19"]
[Result "1-0"]
[WhiteElo "1458"]
[BlackElo "1401"]

1. e4 e5 2. Nf3 Nc6 3. d4 d6 4. Bc4 Bg4 5. c3 Nf6 6. Bg5 Be7 7. Qb3 O-O 8. O-O
Bxf3 9. gxf3 h6 10. Bxf6 Bxf6 11. Qxb7 Na5 12. Qa6 c5 13. dxc5 dxc5 14. Na3 Nxc4
15. Nxc4 Qd3 16. Kg2 Rfb8 17. Rad1 Qc2 18. Rd2 Qxd2 19. Nxd2 Rxb2 20. Nc4 Rc2
21. Qa5 Bd8 22. Qa3 g5 23. Nxe5 Bf6 24. Qxc5 Bxe5 25. Qxe5 Rxa2 26. Qd5 Rc8 27.
Qxa2 Ra8 28. e5 a5 29. e6 fxe6 30. Qxe6+ Kh7 31. Qe4+ 1-0

[Event "AUTO-INT-3624"]
[Site "http://www.queenalice.com/game.php?id=1639491"]
[Date "2021.1.10"]
[Round "1"]
[White "Carlos19"]
[Black "mackenzista"]
[Result "0-1"]
[WhiteElo "1443"]
[BlackElo "1463"]

1. e4 Nc6 2. Nc3 Nf6 3. Nf3 e5 4. Bb5 a6 5. Bxc6 dxc6 6. Nxe5 Qd4 7. f4 Bc5 8.
Rf1 Nxe4 9. Qe2 Bf5 10. d3 Nxc3 11. Nxc6+ Nxe2 12. Nxd4 Nxd4 13. h3 Nxc2+ 14.
Ke2 Nxa1 15. g4 Be6 16. a3 Nb3 17. f5 Nd4+ 18. Kd1 Bb3+ 19. Kd2 O-O-O 20. f6 g6
21. Kc3 Rhe8 22. h4 Re2 23. Bd2 b5 24. Re1 Rde8 25. Rxe2 Rxe2 26. h5 a5 0-1

[Event "AUTO-BEG-674"]
[Site "http://www.queenalice.com/game.php?id=1640097"]
[Date "2021.1.16"]
[Round "1"]
[White "deathbydixxon"]
[Black "mackenzista"]
[Result "1-0"]
[WhiteElo "1379"]
[BlackElo "1478"]

1. e4 e5 2. Nf3 Nc6 3. d4 f6 4. dxe5 Nxe5 5. Nxe5 fxe5 6. Qh5+ g6 7. Qxe5+ Qe7
8. Qxh8 Qg7 9. Qxg7 Bxg7 10. Nc3 d6 11. Nd5 Kd8 12. Bg5+ Kd7 13. O-O-O Nf6 14.
Bxf6 1-0

[Event "AUTO-BEG-674"]
[Site "http://www.queenalice.com/game.php?id=1640098"]
[Date "2021.1.16"]
[Round "1"]
[White "mackenzista"]
[Black "deathbydixxon"]
[Result "0-1"]
[WhiteElo "1478"]
[BlackElo "1530"]

1. e4 e5 2. Nf3 Nc6 3. Nc3 Nf6 4. Bc4 h6 5. d4 d6 6. dxe5 Ng4 7. exd6 Bxd6 8.
Qd5 Be6 9. Qb5 Bxc4 10. Qxc4 O-O 11. O-O Nce5 12. Nxe5 Nxe5 13. Qd5 c6 14. Qb3
b5 15. Bf4 a5 16. a4 b4 17. Ne2 Qf6 18. Bxe5 Bxe5 19. c3 Rab8 20. f4 Bc7 21.
cxb4 Rxb4 22. Qc3 Rxe4 23. Qxf6 gxf6 24. Kf2 Rfe8 25. Rfe1 Bb6+ 26. Kf1 Bc7 27.
g3 Bd6 28. Nc3 Rxe1+ 29. Rxe1 Rxe1+ 30. Kxe1 Bb4 31. Kd2 c5 32. b3 f5 33. Kd3
Kg7 34. Kc4 Ba3 35. Kb5 Bb4 36. Nd5 Be1 37. Kxc5 Kf8 38. b4 axb4 39. Nxb4 Ke7
40. a5 Kf6 41. a6 Kg6 42. a7 Bf2+ 43. Kd6 Bxa7 44. Nd5 Bg1 45. h3 Bh2 46. g4 Bg1
47. gxf5+ Kxf5 48. Kc6 Bd4 49. Kd6 h5 50. Ke7 f6 51. Kf7 h4 52. Kg7 Ke4 53.
Nxf6+ Bxf6+ 54. Kxf6 Kxf4 55. Ke6 Kg3 56. Kd6 Kxh3 57. Kc5 Kg3 58. Kb6 h3 59.
Kc6 h2 60. Kd5 h1=Q+ 61. Kc5 Qd1 62. Kc6 Kf4 63. Kb5 Qc1 64. Kb4 Ke4 65. Kb5 Kd5
66. Ka4 Qb1 67. Ka5 Kc5 68. Ka6 Qb6# 0-1

[Event "AUTO-INT-3631"]
[Site "http://www.queenalice.com/game.php?id=1641211"]
[Date "2021.1.23"]
[Round "1"]
[White "mackenzista"]
[Black "BobFicha"]
[Result "0-1"]
[WhiteElo "1495"]
[BlackElo "1477"]

1. e4 e5 2. Nf3 d6 3. d4 Bg4 4. dxe5 Bxf3 5. Qxf3 dxe5 6. Bc4 f6 7. O-O Qd4 8.
Bxg8 Rxg8 9. Qh5+ g6 10. Qxh7 Rg7 11. Qh4 Nd7 12. Rd1 Qc4 13. Rd3 Qxc2 0-1

[Event "AUTO-INT-3631"]
[Site "http://www.queenalice.com/game.php?id=1641212"]
[Date "2021.1.23"]
[Round "1"]
[White "BobFicha"]
[Black "mackenzista"]
[Result "1-0"]
[WhiteElo "1770"]
[BlackElo "1468"]

1. e4 e5 2. Nf3 Nc6 3. Bc4 Nf6 4. Nc3 Bc5 5. h3 Nd4 6. Ng5 O-O 7. Nxf7 Rxf7 8.
Bxf7+ Kxf7 9. d3 d5 10. Bg5 dxe4 11. Nxe4 h6 12. Bxf6 gxf6 13. Nxc5 Qd5 14. Qh5+
Kg7 15. Ne4 Be6 16. Qd1 c5 17. Rh2 c4 18. Nc3 Qc6 19. f3 cxd3 20. cxd3 Bd5 21.
Nxd5 Qxd5 22. Qd2 1-0

[Event "AUTO-INT-3631"]
[Site "http://www.queenalice.com/game.php?id=1641213"]
[Date "2021.1.23"]
[Round "1"]
[White "mackenzista"]
[Black "akleetch"]
[Result "0-1"]
[WhiteElo "1439"]
[BlackElo "1721"]

1. e4 e5 2. Nf3 Nc6 3. d4 Qe7 4. Bb5 exd4 5. Qe2 d6 6. Bxc6+ bxc6 7. Nxd4 Bd7 8.
O-O c5 9. Nf3 Bg4 10. Qb5+ Bd7 11. Qd3 h6 12. Bf4 Qe6 13. e5 a6 14. Nc3 Bc6 15.
exd6 Qf6 0-1

[Event "AUTO-INT-3631"]
[Site "http://www.queenalice.com/game.php?id=1641214"]
[Date "2021.1.23"]
[Round "1"]
[White "akleetch"]
[Black "mackenzista"]
[Result "1-0"]
[WhiteElo "1726"]
[BlackElo "1434"]

1. e4 e5 2. Nc3 Nc6 3. Nf3 Bb4 4. Nd5 Bc5 5. c3 Nf6 6. Nxf6+ gxf6 7. d4 exd4 8.
cxd4 d5 9. exd5 Bb4+ 10. Bd2 Qxd5 11. Qa4 Bxd2+ 12. Kxd2 Bg4 13. Bc4 Qa5+ 14.
Qxa5 Nxa5 15. Bd3 O-O-O 16. Kc3 Bxf3 17. gxf3 1-0

[Event "AUTO-INT-3633"]
[Site "http://www.queenalice.com/game.php?id=1641645"]
[Date "2021.1.27"]
[Round "1"]
[White "Carlos19"]
[Black "mackenzista"]
[Result "1-0"]
[WhiteElo "1528"]
[BlackElo "1464"]

1. e4 e5 2. Nf3 Nc6 3. Bc4 Bc5 4. O-O Nd4 5. Nxe5 Nh6 6. Qh5 O-O 7. Bd3 d6 8.
Nf3 Bg4 9. Qd5 Bxf3 10. gxf3 Nxf3+ 11. Kg2 Ne5 12. f4 Nxd3 13. cxd3 c6 14. Qc4
Qh4 15. d4 Qg4+ 16. Kh1 1-0

[Event "AUTO-INT-3633"]
[Site "http://www.queenalice.com/game.php?id=1641646"]
[Date "2021.1.27"]
[Round "1"]
[White "mackenzista"]
[Black "Carlos19"]
[Result "0-1"]
[WhiteElo "1451"]
[BlackElo "1541"]

1. e4 e5 2. Nf3 Nc6 3. Bb5 Nf6 4. Bxc6 bxc6 5. Nxe5 Nxe4 6. Qf3 Nf6 7. Qe2 Qe7
8. O-O d6 9. d4 d5 10. Bf4 Bg4 11. Qe3 Rb8 12. b3 h6 13. Nxc6 Qxe3 14. Bxe3 Ra8
15. Re1 Bd6 16. Bxh6+ Kd7 0-1

[Event "AUTO-INT-3633"]
[Site "http://www.queenalice.com/game.php?id=1641669"]
[Date "2021.1.27"]
[Round "1"]
[White "mackenzista"]
[Black "vincenzo"]
[Result "0-1"]
[WhiteElo "1382"]
[BlackElo "1553"]

1. e4 e5 2. Nf3 d6 3. Bb5+ Bd7 4. Bxd7+ Qxd7 5. O-O Nf6 6. Re1 Be7 7. d4 O-O 8.
dxe5 dxe5 9. Nxe5 Qxd1 10. Rxd1 Rd8 11. Rxd8+ Bxd8 12. Bg5 Nc6 13. Nxc6 bxc6 14.
Nc3 Rb8 0-1

[Event "AUTO-INT-3633"]
[Site "http://www.queenalice.com/game.php?id=1641670"]
[Date "2021.1.27"]
[Round "1"]
[White "vincenzo"]
[Black "mackenzista"]
[Result "1-0"]
[WhiteElo "1543"]
[BlackElo "1392"]

1. d4 d5 2. e3 Nf6 3. Nf3 Nc6 4. Be2 Ne4 5. O-O Bg4 6. h3 Bxf3 7. Bxf3 Ng5 8.
Nc3 Nxf3+ 9. Qxf3 e6 10. a3 Bd6 11. b4 O-O 12. Ne2 Qh4 13. Bb2 1-0